000 00936nam a22002177a 4500
003 NALT
005 20220304140433.0
008 s2536 th tha d
020 _a9744250038
040 _aNALT
041 _atha
050 _aDS584 ป114ก16
245 1 0 _aพระบาทสมเด็จพระปกเกล้าเจ้าอยู่หัวกับการพิพิธภัณฑ์ไทย
260 3 _bกองพิพิธภัณฑ์สถานแห่งชาติ,
_c2536
300 _a199 หน้า :
_b ภาพประกอบ, ตาราง
600 0 0 _910802
_aปกเกล้าเจ้าอยู่หัว,
_cพระบาทสมเด็จพระ,
_d2436-2484
650 0 4 _aพิพิธภัณฑ์สถานแห่งชาติ
650 0 4 _aโบราณวัตถุ -- ไทย
850 _aNALT
942 _cGB
_2lcc
999 _c3111
_d3111
998 _j109
_k อารีรัตน์ วิชาช่าง